Lake Chapala : A Postcard History /
Kaydedildi:
| Yazar: | |
|---|---|
| Materyal Türü: | Kitap |
| Dil: | İngilizce |
| Baskı/Yayın Bilgisi: |
Ladysmith, Canadá :
Sombrero Books,
2022, c2022
|
| Konular: | |
| Etiketler: |
Etiket eklenmemiş, İlk siz ekleyin!
|
MARC
| LEADER | 00000nam^a2200000^a^4500 | ||
|---|---|---|---|
| 001 | 000590998 | ||
| 005 | 20250815000000.0 | ||
| 009 | 20260310132919.19 | ||
| 020 | |a 978-1-7770381-2-0 | ||
| 037 | |a Acervo ITESO - Biblioteca | ||
| 041 | |a ING | ||
| 082 | |a 972. 35 |b BUR | ||
| 100 | |a Burton, Tony |e (autor) | ||
| 245 | 1 | 0 | |a Lake Chapala : |b A Postcard History / |c T. Burton. |
| 264 | 4 | |a Ladysmith, Canadá : |b Sombrero Books, |c 2022, c2022 | |
| 300 | |a 154 p. | ||
| 336 | |a texto |b txt |2 rdacontenido | ||
| 337 | |a sin mediación |b n |2 rdamedio | ||
| 338 | |a volumen |b nc |2 rdasoporte | ||
| 585 | |a Exposición DIA 2025-01 / El universo del saber: explorando nuevas ideas | ||
| 649 | |a XX | ||
| 650 | |a Chapala (Lago) - |x Fotografías - |x Historia y Crítica - |x Tema Principal | ||
| 650 | |a Chapala (Lago) - |x Historia - |x Tema Principal | ||
| 650 | |a Chapala, Jalisco - |x Historia - |y Siglo XX | ||
| 650 | |a Jalisco - |x Historia - |y Siglo XX | ||
| 650 | |a México - |x Historia - |y Siglo XX | ||
| 650 | |a Chapala (Lago) - |x Descripción | ||
| 650 | |a Chapala, Jalisco - |x Descripción | ||
| 650 | |a México - |x Descripción | ||
| 910 | |a Fondo General | ||
| 920 | |a Impresos - Libros | ||
| 930 | |a Colección General | ||
| 905 | |a 101 | ||
| 901 | |a 590998-10 |b IT1 |c ACC |i D131572 |u 20250521 | ||
| 902 | |a https://opac.biblio.iteso.mx/vufind/Record/000590998 | ||